00612nam a2200181Ia 4500020001500000040000800015082002600023245004700049260007600096300003300172650001500205650002100220650003700241650002800278700001700306710006000323710004700383 a9251053766 cOSU a639 FOO 2005 A056 Or.00aResponsible fish trade and food security / aRome :bFood and Agriculture Organization of the United Nations,cc2005 avii, 102 p. :bill. ;c30 cm 0aFish trade 0aSeafood industry 0aFood adulteration and inspection 0aFood industry and trade1 aKurien, John2 aFood and Agriculture Organization of the United Nations2 aNORAD Environmental Co-operation Programme